[Event "Sao Paulo it"]
[Site "Sao Paulo BRA"]
[Date "1979.02.??"]
[Round "3"]
[White "Filguth, Rubens"]
[Black "Rocha, Antonio Cavilhas"]
[Result "1/2-1/2"]
[WhiteElo "2335"]
[BlackElo "2365"]
[EventDate "1979.02.10"]
[PlyCount "100"]

1.c4 e5 2.Nc3 Nf6 3.Nf3 Nc6 4.e3 Bb4 5.Qc2 O-O 6.Nd5 Re8 7.Qf5 d6 8.Nxf6+ 
Qxf6 9.Qxf6 gxf6 10.a3 Bc5 11.d3 a5 12.b3 Be6 13.Bb2 d5 14.Be2 d4 15.exd4 
exd4 16.Kd2 Rad8 17.Rhe1 Bc8 18.h3 b6 19.Bd1 Rxe1 20.Nxe1 Bf8 21.Be2 Ne5 
22.Kd1 Bb7 23.Bc1 c5 24.Bd2 Ra8 25.f4 Ng6 26.Bf3 Bxf3+ 27.Nxf3 Bd6 28.g3 
Kf8 29.Ke2 Ke8 30.Ne1 h5 31.Kf3 f5 32.Nc2 Kd7 33.Rb1 Ne7 34.Ne1 Bc7 35.Ng2
Ng6 36.Re1 Re8 37.Ra1 Ra8 38.Be1 Bd6 39.Bf2 Bc7 40.Rb1 Re8 41.Rb2 Ra8 42.
Re2 Rg8 43.Ne1 Bd6 44.Ra2 Ra8 45.Nc2 Bc7 46.Rb2 Rh8 47.Ne1 h4 48.Ng2 hxg3 
49.Kxg3 Rg8 50.Kf3 Rh8 1/2-1/2

[Event "Sao Paulo it"]
[Site "Sao Paulo BRA"]
[Date "1979.02.??"]
[Round "3"]
[White "Braga, Cicero"]
[Black "Kortschnoj, Viktor"]
[Result "0-1"]
[WhiteElo "2390"]
[BlackElo "2695"]
[EventDate "1979.02.10"]
[PlyCount "48"]

1.e4 e6 2.d4 d5 3.Nc3 Bb4 4.Ne2 dxe4 5.a3 Bxc3+ 6.Nxc3 Nc6 7.Bb5 Ne7 8.Bg5
f6 9.Be3 O-O 10.Qd2 f5 11.Bg5 h6 12.Bxe7 Nxe7 13.O-O-O Nd5 14.Bc4 c6 15.f3
exf3 16.gxf3 Qh4 17.Ne2 f4 18.Rdg1 Qf2 19.Rg6 Qxf3 20.Rhg1 Rf7 21.Kb1 Qe3 
22.Qd1 Ne7 23.R6g4 f3 24.R4g3 Nf5 0-1

[Event "Sao Paulo it"]
[Site "Sao Paulo BRA"]
[Date "1979.02.??"]
[Round "4"]
[White "Van Riemsdijk, Herman Claudius"]
[Black "Stean, Michael Francis"]
[Result "0-1"]
[WhiteElo "2435"]
[BlackElo "2540"]
[EventDate "1979.02.10"]
[PlyCount "82"]

1.e4 c5 2.Nf3 d6 3.d4 cxd4 4.Nxd4 Nf6 5.Nc3 a6 6.Bg5 e6 7.Qf3 h6 8.Be3 e5 
9.Nb3 Be6 10.a4 Nc6 11.Bd3 Nb4 12.Nd2 Be7 13.O-O O-O 14.a5 Nxd3 15.cxd3 d5
16.exd5 Nxd5 17.Nxd5 Qxd5 18.Qxd5 Bxd5 19.Nc4 f6 20.f4 exf4 21.Rxf4 Rfe8 
22.Bf2 Bf8 23.Kf1 Bc6 24.Na3 Rad8 25.Rd4 Rxd4 26.Bxd4 Rd8 27.Nc2 Rd5 28.g3
Bd6 29.Ke2 h5 30.Bc3 Bb5 31.Nd4 Bd7 32.Kd2 h4 33.Ne2 Bb5 34.d4 Bxe2 35.
Kxe2 hxg3 36.hxg3 Bxg3 37.Kf3 Bd6 38.Ke4 Rh5 39.b4 Kf7 40.d5 Rh4+ 41.Kd3 
Rh3+ 0-1

[Event "Sao Paulo it"]
[Site "Sao Paulo BRA"]
[Date "1979.02.??"]
[Round "4"]
[White "Segal, Alexandru Sorin"]
[Black "Filguth, Rubens"]
[Result "1-0"]
[WhiteElo "2400"]
[BlackElo "2335"]
[EventDate "1979.02.10"]
[PlyCount "50"]

1.d4 e6 2.Nf3 Nf6 3.c4 b6 4.a3 Bb7 5.Nc3 d5 6.cxd5 exd5 7.g3 Nbd7 8.Bg2 
Be7 9.O-O O-O 10.Bf4 a6 11.Ne5 c6 12.Rc1 Rc8 13.Qb3 Nxe5 14.Bxe5 Kh8 15.
Na4 Nd7 16.Bf4 b5 17.Nc5 Nxc5 18.dxc5 Qe8 19.e4 dxe4 20.Bxe4 Rd8 21.Rfe1 
Bc8 22.Qf3 Bd7 23.Bb1 g6 24.Qc3+ f6 25.Bd6 1-0

[Event "Sao Paulo it"]
[Site "Sao Paulo BRA"]
[Date "1979.02.??"]
[Round "5"]
[White "Gheorghiu, Florin"]
[Black "Segal, Alexandru Sorin"]
[Result "1/2-1/2"]
[WhiteElo "2540"]
[BlackElo "2400"]
[EventDate "1979.02.10"]
[PlyCount "46"]

1.e4 c6 2.Nc3 d5 3.Nf3 Bg4 4.h3 Bxf3 5.Qxf3 Nf6 6.d4 dxe4 7.Nxe4 Nxe4 8.
Qxe4 Nd7 9.c3 Nf6 10.Qf3 e6 11.Bf4 Bd6 12.Bc4 Qc7 13.Bxd6 Qxd6 14.O-O O-O 
15.Rad1 Rad8 16.Rfe1 Qc7 17.Bb3 b6 18.Rd3 c5 19.dxc5 Rxd3 20.Qxd3 Qxc5 21.
Rd1 g6 22.Qf3 Qe7 23.Qc6 Rd8 1/2-1/2

[Event "Sao Paulo it"]
[Site "Sao Paulo BRA"]
[Date "1979.02.??"]
[Round "5"]
[White "Filguth, Rubens"]
[Black "Van Riemsdijk, Herman Claudius"]
[Result "1-0"]
[WhiteElo "2335"]
[BlackElo "2435"]
[EventDate "1979.02.10"]
[PlyCount "72"]

1.c4 Nf6 2.Nc3 g6 3.e4 d6 4.g3 Bg7 5.Bg2 c5 6.Nge2 Nc6 7.O-O O-O 8.d3 Nd7 
9.Be3 Nd4 10.Rb1 Nb8 11.a3 Nbc6 12.b4 e6 13.f4 f5 14.bxc5 dxc5 15.e5 Rf7 
16.Nb5 Bf8 17.Nexd4 cxd4 18.Bd2 a6 19.Qa4 Qd7 20.Nd6 Bxd6 21.exd6 Qxd6 22.
Rb6 Rc7 23.Rfb1 Bd7 24.Qb3 Qf8 25.a4 a5 26.Re1 Nb4 27.Re5 Ra6 28.Rxa6 Nxa6
29.Bxa5 Nc5 30.Qa3 Rc8 31.Bb4 b6 32.a5 Qd8 33.axb6 Nxd3 34.Qxd3 Qxb6 35.
Be1 Rc7 36.Ba5 1-0

[Event "Sao Paulo it"]
[Site "Sao Paulo BRA"]
[Date "1979.02.??"]
[Round "6"]
[White "Stean, Michael Francis"]
[Black "Filguth, Rubens"]
[Result "1-0"]
[WhiteElo "2540"]
[BlackElo "2335"]
[EventDate "1979.02.10"]
[Source "Chesstempo"]
[PlyCount "47"]

1.c4 Nf6 2.Nc3 e6 3.Nf3 b6 4.e4 Bb7 5.Bd3 d6 6.Bc2 c5 7.d4 cxd4 8.Nxd4 Be7
9.O-O O-O 10.b3 Nc6 11.Bb2 Qd7 12.Nxc6 Bxc6 13.Qd3 Rfc8 14.Rae1 g6 15.f4 
a6 16.Qe2 Ra7 17.Rd1 Qc7 18.f5 gxf5 19.Nd5 Nxd5 20.exd5 Bxd5 21.Rxd5 exd5 
22.Bxf5 Qc5+ 23.Kh1 d4 24.Qg4+ 1-0

[Event "Sao Paulo it"]
[Site "Sao Paulo BRA"]
[Date "1979.02.??"]
[Round "7"]
[White "Panno, Oscar"]
[Black "Van Riemsdijk, Herman Claudius"]
[Result "1/2-1/2"]
[WhiteElo "2545"]
[BlackElo "2435"]
[EventDate "1979.02.10"]
[PlyCount "152"]

1.Nf3 Nc6 2.c4 e5 3.Nc3 f5 4.d3 g6 5.g3 Bg7 6.Bg2 Nf6 7.O-O d6 8.Rb1 a5 9.
a3 O-O 10.b4 axb4 11.axb4 h6 12.Ne1 Ne7 13.Qb3 c6 14.c5+ d5 15.e4 Kh7 16.
exf5 Bxf5 17.Rb2 Qd7 18.Na4 Nc8 19.Re2 Re8 20.Nf3 e4 21.Nd4 exd3 22.Rxe8 
Nxe8 23.Nxf5 Qxf5 24.Nb2 Nc7 25.Nxd3 Nb5 26.Nf4 Nd4 27.Qe3 g5 28.Bh3 Qe4 
29.Qxe4+ dxe4 30.Ne6 Nf3+ 31.Kg2 Ne7 32.Nxg7 Kxg7 33.Bg4 Rf8 34.Bb2+ Kg6 
35.Rb1 h5 36.Be6 Rd8 37.Bc4 Nd5 38.b5 cxb5 39.Bxb5 Rc8 40.Rc1 Nb4 41.Ba3 
Nc6 42.Rd1 Ncd4 43.Bc4 Kf5 44.Bd5 Rc7 45.Rb1 Nc2 46.Bb4 g4 47.h3 gxh3+ 48.
Kxh3 Ng5+ 49.Kg2 h4 50.Bd2 h3+ 51.Kh1 Rd7 52.g4+ Ke5 53.Bxg5 Rxd5 54.Rxb7 
Rxc5 55.Kh2 Rc3 56.Re7+ Kd5 57.Rd7+ Ke6 58.Re7+ Kd5 59.Bh4 Ne1 60.Bg3 Nf3+
61.Kxh3 Rc1 62.Bb8 Rb1 63.Re8 Rg1 64.Ba7 Ng5+ 65.Kh4 Nf3+ 66.Kh5 Rg2 67.
Be3 Ne5 68.Rg8 Ke6 69.Kh4 Kf7 70.Rg5 Nf3+ 71.Kh3 Nxg5+ 72.Kxg2 Ne6 73.Kf1 
Kf6 74.Ke2 Ke5 75.Kd2 Nf4 76.Kc3 Nh3 1/2-1/2

[Event "Sao Paulo it"]
[Site "Sao Paulo BRA"]
[Date "1979.02.??"]
[Round "8"]
[White "Lein, Anatoly"]
[Black "Sunye Neto, Jaime"]
[Result "1/2-1/2"]
[WhiteElo "2535"]
[BlackElo "2375"]
[EventDate "1979.02.10"]
[PlyCount "114"]

1.c4 Nf6 2.Nc3 c5 3.g3 g6 4.Bg2 Bg7 5.d3 Nc6 6.Bg5 d6 7.Nf3 a6 8.O-O Bd7 
9.Rc1 O-O 10.Qd2 b5 11.b3 b4 12.Nd5 Nxd5 13.cxd5 Nd4 14.Nxd4 Bxd4 15.Bh6 
Re8 16.e3 Bc3 17.Rxc3 bxc3 18.Qxc3 f6 19.h3 a5 20.g4 a4 21.g5 Qa5 22.Qb2 
Kf7 23.gxf6 exf6 24.Bf4 Qb6 25.Rb1 Ra6 26.Qe2 Rb8 27.Qf3 Qd8 28.e4 axb3 
29.axb3 Kg7 30.Qg3 Qe7 31.Bf1 Rab6 32.Ra1 Be8 33.h4 h6 34.Be2 g5 35.Bc1 
Bg6 36.Bd2 gxh4 37.Qxh4 Qe5 38.Qxh6+ Kf7 39.Ra7+ R6b7 40.Rxb7+ Rxb7 41.Bg4
Kg8 42.Be6+ Bf7 43.Qg6+ Kf8 44.Bh6+ Ke8 45.Bxf7+ Rxf7 46.Qg8+ Ke7 47.Qc8 
Qh5 48.Qe6+ Kd8 49.Qxd6+ Ke8 50.Bf4 Qd1+ 51.Kg2 Rg7+ 52.Bg3 Qxd3 53.Qc6+ 
Kf7 54.Qe6+ Kg6 55.Qf5+ Kf7 56.Qe6+ Kg6 57.d6 Kh7 1/2-1/2

[Event "Sao Paulo it"]
[Site "Sao Paulo BRA"]
[Date "1979.02.??"]
[Round "8"]
[White "Filguth, Rubens"]
[Black "Gheorghiu, Florin"]
[Result "1/2-1/2"]
[WhiteElo "2335"]
[BlackElo "2540"]
[EventDate "1979.02.10"]
[PlyCount "126"]

1.c4 g6 2.Nc3 Bg7 3.g3 e5 4.Bg2 d6 5.e4 Nf6 6.Nge2 O-O 7.O-O c6 8.b3 a6 9.
d4 b5 10.d5 b4 11.Na4 c5 12.f3 Ne8 13.Nb2 a5 14.Be3 f5 15.Qd2 Ra7 16.Rab1 
Raf7 17.Nd3 Nd7 18.Rbe1 fxe4 19.fxe4 Rxf1+ 20.Rxf1 Rxf1+ 21.Bxf1 Ndf6 22.
Nf2 Ng4 23.Nxg4 Bxg4 24.Nc1 Nf6 25.Bg2 Qc8 26.Nd3 Bd7 27.Qc1 a4 28.Nf2 Qa8
29.Qb1 axb3 30.axb3 h5 31.Bh3 Bxh3 32.Nxh3 Ng4 33.Bd2 Qf8 34.Kg2 Bh6 35.
Qc1 Bg7 36.Qe1 Qa8 37.Qb1 Bh6 38.Bxh6 Nxh6 39.Ng5 Ng4 40.h3 Nf6 41.Qc2 Qd8
42.Qc1 Qa8 43.Qb2 Kf8 44.Kh2 Ke7 45.Kg2 Qh8 46.Qa2 h4 47.g4 Qh6 48.Qd2 Nh7
49.Nf3 Qxd2+ 50.Nxd2 Ng5 51.Kh2 Kf7 52.Kg2 Kf6 53.Kh2 Nh7 54.Nf3 Ng5 55.
Nd2 Kg7 56.Kg2 Kf6 57.Kh2 Nf7 58.Nf3 g5 59.Kg2 Nh8 60.Kf2 Ng6 61.Ke3 Nf4 
62.Ng1 Kg6 63.Kd2 1/2-1/2

[Event "Sao Paulo it"]
[Site "Sao Paulo BRA"]
[Date "1979.02.??"]
[Round "9"]
[White "Sunye Neto, Jaime"]
[Black "Rocha, Antonio Cavilhas"]
[Result "0-1"]
[WhiteElo "2375"]
[BlackElo "2365"]
[EventDate "1979.02.10"]
[PlyCount "82"]

1.c4 Nf6 2.g3 e6 3.Bg2 d5 4.Nf3 Be7 5.O-O O-O 6.b3 b6 7.Bb2 Bb7 8.cxd5 
exd5 9.d4 Nbd7 10.Nc3 Re8 11.Rc1 a6 12.Ne5 Bd6 13.Nc4 Bf8 14.Ne3 c6 15.Nc2
Ne4 16.Nxe4 dxe4 17.Ne3 Nf6 18.Qc2 b5 19.Nd1 Bd6 20.Nc3 Qe7 21.e3 Rac8 22.
a4 Qe6 23.Ba1 h5 24.Qa2 h4 25.d5 cxd5 26.axb5 Be5 27.Rfd1 hxg3 28.hxg3 Ra8
29.bxa6 Bxa6 30.Qd2 Bd3 31.Na4 Bxa1 32.Rxa1 Qe5 33.Nb2 Rxa1 34.Rxa1 Rb8 
35.b4 Bb5 36.Qd4 Qh5 37.Qa7 Rf8 38.Qe7 Be2 39.Bf1 Bxf1 40.Rxf1 Re8 41.Qc7 
Ng4 0-1

[Event "Sao Paulo it"]
[Site "Sao Paulo BRA"]
[Date "1979.02.??"]
[Round "10"]
[White "Segal, Alexandru Sorin"]
[Black "Sunye Neto, Jaime"]
[Result "1/2-1/2"]
[WhiteElo "2400"]
[BlackElo "2375"]
[EventDate "1979.02.10"]
[PlyCount "80"]

1.d4 Nf6 2.c4 e6 3.Nf3 b6 4.a3 d5 5.Nc3 Be7 6.cxd5 exd5 7.g3 O-O 8.Bg2 Bb7
9.O-O c5 10.Bf4 Nc6 11.Rc1 Ne4 12.dxc5 Nxc3 13.Rxc3 bxc5 14.Rd3 d4 15.h4 
Na5 16.b4 cxb4 17.axb4 Bxb4 18.Rxd4 Qb6 19.Bd6 Bxd6 20.Rxd6 Qc5 21.Qd3 h6 
22.Nd2 Bxg2 23.Kxg2 Qc7 24.Rd7 Qc6+ 25.e4 Nb7 26.Nb3 Rad8 27.Rd5 Qb6 28.
Rd1 Rfe8 29.Qf3 Rxd5 30.exd5 Nd6 31.Nd4 a5 32.Nf5 a4 33.Nxd6 Qxd6 34.Rd3 
Ra8 35.Ra3 g6 36.Kh2 Kg7 37.Kg2 h5 38.Qc3+ Kg8 39.Qf3 Ra5 40.Kh2 Qxd5 
1/2-1/2

[Event "Sao Paulo it"]
[Site "Sao Paulo BRA"]
[Date "1979.02.??"]
[Round "11"]
[White "Sunye Neto, Jaime"]
[Black "Van Riemsdijk, Herman Claudius"]
[Result "1-0"]
[WhiteElo "2375"]
[BlackElo "2435"]
[EventDate "1979.02.10"]
[PlyCount "162"]

1.c4 Nc6 2.d4 d5 3.e3 e6 4.Nf3 Nf6 5.Nc3 Bd6 6.c5 Be7 7.Bb5 O-O 8.Bxc6 
bxc6 9.Ne5 Qe8 10.Qa4 Bb7 11.O-O a5 12.Re1 Kh8 13.Bd2 Nd7 14.Nxd7 Qxd7 15.
e4 dxe4 16.Nxe4 Rfd8 17.Bxa5 f5 18.Nd2 e5 19.Nb3 e4 20.Qc4 Ba6 21.Qc1 Bf6 
22.Bd2 Qd5 23.Bf4 Rd7 24.Qc3 Re8 25.Rac1 g5 26.Be5 Bxe5 27.dxe5 Qxe5 28.
Qxe5+ Rxe5 29.Na5 Re6 30.Rcd1 Rde7 31.Nb3 Re5 32.Rd8+ Re8 33.Rxe8+ Rxe8 
34.Nd4 f4 35.Nxc6 e3 36.fxe3 fxe3 37.Nb4 Bb5 38.b3 Re5 39.Nc2 Rxc5 40.Nxe3
Kg7 41.Rd1 Bc6 42.Rd2 Be4 43.Kf2 Kf6 44.Nc4 Bd5 45.Rd4 h5 46.g3 Be6 47.Ke2
Rf5 48.Ne3 Ra5 49.Rd2 h4 50.gxh4 gxh4 51.Kd3 Ke7 52.Kc3 h3 53.a4 Re5 54.
Nc4 Rg5 55.Ne3 Re5 56.Rd3 Bd7 57.Nd5+ Kf7 58.Rf3+ Kg7 59.Nf4 Rc5+ 60.Kd3 
Rc1 61.Nxh3 Be6 62.b4 c5 63.b5 Ra1 64.Ng5 Bg8 65.Rf4 Ra3+ 66.Ke2 c4 67.Ne4
Rxa4 68.Nc3 Ra8 69.Ke3 Rd8 70.Rd4 Re8+ 71.Kf4 Rf8+ 72.Ke5 Rf3 73.Rg4+ Kh8 
74.Rg3 Rf2 75.Kd6 Rf6+ 76.Kc5 Be6 77.b6 Bd7 78.b7 Rc6+ 79.Kb5 Rc8+ 80.Kb6 
Rc6+ 81.Ka5 1-0

[Event "Sao Paulo it"]
[Site "Sao Paulo BRA"]
[Date "1979.02.??"]
[Round "11"]
[White "Kortschnoj, Viktor"]
[Black "Stean, Michael Francis"]
[Result "1/2-1/2"]
[WhiteElo "2695"]
[BlackElo "2540"]
[EventDate "1979.02.10"]
[PlyCount "32"]

1.d4 Nf6 2.c4 e6 3.Nc3 Bb4 4.e3 O-O 5.Ne2 d5 6.a3 Be7 7.Qc2 c5 8.dxc5 Bxc5
9.cxd5 exd5 10.g3 Nc6 11.Bg2 d4 12.Na4 Bb6 13.exd4 Nxd4 14.Nxd4 Bxd4 15.
O-O Qa5 16.Bd2 1/2-1/2

[Event "Sao Paulo it"]
[Site "Sao Paulo BRA"]
[Date "1979.02.??"]
[Round "11"]
[White "Andersson, Ulf"]
[Black "Segal, Alexandru Sorin"]
[Result "1-0"]
[WhiteElo "2560"]
[BlackElo "2400"]
[EventDate "1979.02.10"]
[PlyCount "82"]

1.Nf3 Nf6 2.c4 b6 3.g3 Bb7 4.Bg2 c5 5.O-O e6 6.Nc3 Be7 7.d4 cxd4 8.Qxd4 d6
9.b3 O-O 10.Rd1 a6 11.Ba3 Nc6 12.Qf4 d5 13.cxd5 exd5 14.Bxe7 Qxe7 15.Nh4 
Rad8 16.Nf5 Qe6 17.Rac1 g6 18.Nd4 Nxd4 19.Qxd4 Rc8 20.Na4 Rxc1 21.Rxc1 Nd7
22.e3 b5 23.Nc5 Nxc5 24.Rxc5 Rc8 25.Rxc8+ Qxc8 26.Bxd5 Bxd5 27.Qxd5 Qc1+ 
28.Kg2 Qa3 29.Qd8+ Kg7 30.Qd2 a5 31.g4 h6 32.Kf3 Kg8 33.Ke2 Kg7 34.f3 Kg8 
35.f4 Kg7 36.Kf3 Kg8 37.f5 gxf5 38.gxf5 Kg7 39.Qd4+ f6 40.Qd7+ Kg8 41.Qe8+
1-0

[Event "Sao Paulo it"]
[Site "Sao Paulo BRA"]
[Date "1979.02.??"]
[Round "12"]
[White "Segal, Alexandru Sorin"]
[Black "Lein, Anatoly"]
[Result "1-0"]
[WhiteElo "2400"]
[BlackElo "2535"]
[EventDate "1979.02.10"]
[PlyCount "70"]

1.d4 Nf6 2.c4 g6 3.Nc3 d5 4.Bg5 Ne4 5.Bh4 Nxc3 6.bxc3 Bg7 7.e3 O-O 8.cxd5 
Qxd5 9.Bxe7 Re8 10.Ba3 c5 11.Qf3 Qe6 12.Bxc5 Nd7 13.Ba3 Ne5 14.dxe5 Bxe5 
15.Bb2 Qb6 16.Qe2 Bg4 17.Nf3 Rac8 18.Qb5 Qc7 19.Nxe5 Rxe5 20.Qb4 Qd7 21.c4
Rd8 22.Be2 Bxe2 23.Bxe5 Bd3 24.Rd1 Qg4 25.Rxd3 Rxd3 26.O-O Rd7 27.Bb2 Rd1 
28.f3 Qd7 29.Qc3 Rxf1+ 30.Kxf1 Qd1+ 31.Kf2 Kf8 32.Qh8+ Ke7 33.Qe5+ Kd7 34.
Qd4+ Qxd4 35.exd4 1-0

[Event "Sao Paulo it"]
[Site "Sao Paulo BRA"]
[Date "1979.02.??"]
[Round "13"]
[White "Sunye Neto, Jaime"]
[Black "Filguth, Rubens"]
[Result "1/2-1/2"]
[WhiteElo "2375"]
[BlackElo "2335"]
[EventDate "1979.02.10"]
[PlyCount "40"]

1.c4 Nf6 2.Nc3 e6 3.g3 d5 4.d4 dxc4 5.Bg2 a6 6.Qa4+ Nbd7 7.Bf4 Bd6 8.Bxd6 
cxd6 9.Qxc4 Ra7 10.Qb4 Qb6 11.Qxb6 Nxb6 12.Nf3 Bd7 13.Nd2 Ke7 14.e3 Rc8 
15.Ke2 Bc6 16.Bxc6 Rxc6 17.Rhc1 Ra8 18.Rc2 Rac8 19.Rac1 Kd7 20.Kd3 Nfd5 
1/2-1/2

[Event "Sao Paulo it"]
[Site "Sao Paulo BRA"]
[Date "1979.02.??"]
[Round "13"]
[White "Rocha, Antonio Cavilhas"]
[Black "Segal, Alexandru Sorin"]
[Result "1-0"]
[WhiteElo "2365"]
[BlackElo "2400"]
[EventDate "1979.02.10"]
[PlyCount "82"]

1.e4 Nf6 2.e5 Nd5 3.d4 d6 4.Nf3 Bg4 5.Be2 e6 6.h3 Bh5 7.O-O Nc6 8.c4 Bxf3 
9.Bxf3 Nb6 10.exd6 cxd6 11.d5 exd5 12.Bxd5 Be7 13.Bf4 O-O 14.Nc3 Bf6 15.
Bxd6 Re8 16.Rc1 Bxc3 17.Rxc3 Nxd5 18.Qxd5 Re2 19.Rb3 Qd7 20.Rd1 Rae8 21.
Bg3 Re1+ 22.Rxe1 Rxe1+ 23.Kh2 Rd1 24.Qxd7 Rxd7 25.Re3 g6 26.a3 Na5 27.Rc3 
Rd2 28.b4 Nc6 29.b5 Ne7 30.c5 Nd5 31.c6 bxc6 32.bxc6 Ne7 33.c7 Nc8 34.Rb3 
Re2 35.Rb8 Re8 36.Bh4 f6 37.Bxf6 Kf7 38.Bd8 Nd6 39.c8=Q Nxc8 40.Rxc8 Ke6 
41.Rb8 1-0

[Event "Sao Paulo it"]
[Site "Sao Paulo BRA"]
[Date "1979.02.??"]
[Round "13"]
[White "Lein, Anatoly"]
[Black "Van Riemsdijk, Herman Claudius"]
[Result "1-0"]
[WhiteElo "2535"]
[BlackElo "2435"]
[EventDate "1979.02.10"]
[PlyCount "216"]

1.c4 e5 2.Nc3 Nc6 3.g3 g6 4.Bg2 Bg7 5.e3 Nge7 6.Nge2 Nf5 7.b3 O-O 8.O-O d6
9.Bb2 Re8 10.d3 Rb8 11.a3 Be6 12.Qc2 Qd7 13.b4 Nh6 14.b5 Ne7 15.Rfe1 Bh3 
16.Bh1 Ng4 17.Nd1 c6 18.a4 Bh6 19.Bc1 Nf6 20.e4 Bxc1 21.Rxc1 Nh5 22.f3 Be6
23.Nf2 c5 24.Qd2 Rf8 25.Bg2 f6 26.Nc3 Rf7 27.Nd5 Rbf8 28.Qa5 Nc8 29.Rf1 
Qd8 30.Qd2 Ne7 31.Ng4 Bxg4 32.fxg4 Ng7 33.Ne3 Ne6 34.Rf2 Nd4 35.Rcf1 Kg7 
36.h4 h6 37.Bh3 g5 38.Rh2 Rh8 39.Bg2 Nb3 40.Qc3 Nd4 41.Bf3 gxh4 42.Rxh4 
Ne6 43.Bd1 Ng5 44.Kg2 Kg6 45.Qe1 Ng8 46.Nf5 a5 47.Qf2 b6 48.Rfh1 Qf8 49.
Rh5 Qd8 50.Kf1 Rfh7 51.Ke1 Kf7 52.Kd2 Ke6 53.Rf1 Kd7 54.Qh2 Kc7 55.Qh1 Qe8
56.Rh2 Qg6 57.Rhf2 Rf7 58.Qh5 Qh7 59.Rh2 Kd7 60.Rfh1 Kc7 61.Ke3 Rf8 62.Rf2
Qf7 63.Be2 Rh7 64.Kd2 Rh8 65.Rhf1 Rh7 66.Ne3 Kb7 67.Nd5 Qg7 68.Rh1 Qf7 69.
Rff1 Rg7 70.Rf5 Rh7 71.Qh2 Qg6 72.Qf2 Rhf7 73.Qg1 Rh7 74.Rf2 Qf7 75.Rh4 
Qg6 76.Rfh2 Rff7 77.Qf1 Qg7 78.Ne3 Qf8 79.Rh5 Rh8 80.Nf5 Kc7 81.Kc3 Kb7 
82.Rxg5 fxg5 83.Nxd6+ Qxd6 84.Qxf7+ Ne7 85.Kc2 Rc8 86.Rf2 Rc7 87.Rf6 Nc8 
88.Qd5+ Qxd5 89.exd5 Rd7 90.Rxh6 Nd6 91.Re6 Kc7 92.Rxe5 Rg7 93.Kd2 Kd7 94.
Re6 Rg8 95.Rh6 Rg7 96.Ke3 Re7+ 97.Kf2 Re5 98.Rg6 Ke7 99.Bf3 Kd7 100.Rg7+ 
Kd8 101.Bg2 Kc8 102.Be4 Nxe4+ 103.dxe4 Rxe4 104.Rxg5 Rxc4 105.Kf3 Rxa4 
106.Re5 Ra1 107.g5 Rf1+ 108.Kg4 1-0